000 00471nam a2200181Ia 4500
005 20250508161751.0
008 008 250505s9999 xx 000 0 eng d
037 _aTextual
040 _aFEDL
_beng
_cFEDL
041 _aeng
_2eng
084 _aF, CON
_qFEDL
100 _aConrad Joseph
245 0 _aJoseph conrad: Sea stories
260 _aLondon, UK
_bRupert Hart-Davis
_c1957
300 _a272p.
942 _cTEXL
_hF, CON
999 _c1372061
_d1372061